Music Quiz

Random Music or Singers Quiz
Score 0/16 Timer 10:00
0 Plays Today
Singer(s) in the movie Song % Correct
Joaquin Phoenix I Walk The Line
89.5%
Joaquin Phoenix / Reese Witherspoon Jackson
81.1%
Joaquin Phoenix Ring Of Fire
70.5%
Joaquin Phoenix Folsom Prison Blues
51.6%
Joaquin Phoenix Get Rhythm
47.4%
Joaquin Phoenix / Reese Witherspoon It Aint Me Babe
45.3%
Joaquin Phoenix Cry Cry Cry
41.1%
Joaquin Phoenix Cocaine Blues
40%
Singer(s) in the movie Song % Correct
Reese Witherspoon Wildwood Flower
35.8%
Reese Witherspoon Jukebox Blues
30.5%
Joaquin Phoenix Home of the Blues
22.1%
Shooter Jennings I'm A Long Way From Home
20%
Johnathan Rice You're My Baby
14.7%
Waylon Payne Lewis Boogie Blues
10.5%
Tyler Hilton That's Allright Mama
10.5%
Tyler Hilton Milkcow Blues Boogie
7.4%
Remove Ads.
Support Sporcle.
Get the best of Sporcle when you Go Orange. This ad-free experience offers more features, more stats, and more fun while also helping to support Sporcle. Thank you for becoming a member.

You're not logged in!

Compare scores with friends on all Sporcle quizzes.
OR
Log In

Show Comments

Extras

Top Quizzes Today


Score Distribution

Your Account Isn't Verified!

In order to create a playlist on Sporcle, you need to verify the email address you used during registration. Go to your Sporcle Settings to finish the process.

Report this User

Report this user for behavior that violates our Community Guidelines.

Details: